Entry Personal Name
Number of records used in: 1
001 - CONTROL NUMBER
003 - CONTROL NUMBER IDENTIFIER
005 - DATE AND TIME OF LATEST TRANSACTION
- control field:
20180202125224.0
008 - FIXED-LENGTH DATA ELEMENTS
- fixed length control field:
180202|| aca||aabn | a|a d
040 ## - CATALOGING SOURCE
- Original cataloging agency:
OSt
- Transcribing agency:
OSt
100 ## - HEADING--PERSONAL NAME
- Personal name:
Gaonkar, Ramesh
670 ## - SOURCE DATA FOUND
- Source citation:
Work cat.: (OSt)229: Gaonkar, Ramesh, Mcroprocessor Architecture, Programming and ApplIcation with the 8085/8080A, 1996